A Crystal Nails márka fejlődése és piaci pozíciója a magyar műköröm piacon
| Szerző: | |
|---|---|
| További közreműködők: | |
| Dokumentumtípus: | Projektmunka |
| Kulcsszavak: | branding márka márkaépítés stratégia versenypiacok |
| Online Access: | http://dolgozattar.uni-bge.hu/60055 |
MARC
| LEADER | 00000nnm a2200000 i 4500 | ||
|---|---|---|---|
| 001 | dolg60055 | ||
| 005 | 20260409145927.0 | ||
| 008 | 260409suuuu hu o 000 hun d | ||
| 040 | |a BGE Dolgozattár Repozitórium |b hun | ||
| 041 | |a hu | ||
| 100 | 1 | |a Balogh Márk | |
| 245 | 1 | 2 | |a A Crystal Nails márka fejlődése és piaci pozíciója a magyar műköröm piacon |c Balogh Márk |h [elektronikus dokumentum] |
| 516 | |a Project_work | ||
| 520 | 3 | |a A projektmunka a Crystal Nails márka fejlődését és piaci pozícióját tanulmányozza a magyar műköröm piacon. A dolgozat részletesen bemutatja a márkaépítés elméleti alapjait, majd elemzi a műkörömipar sajátosságait Magyarországon és Európában, hangsúlyozva a hazai szalonkultúra és a nyugati DIY-trendek közti eltéréseket. A Crystal Nails történetét, marketingstratégiáját, 4P szerinti elemzését és gazdasági hátterét is ismerteti. A kutatás elsődleges és másodlagos adatokra támaszkodik, feltárva a fogyasztói szokásokat és a versenypiaci helyzetet. A munka rávilágít arra, hogy a márka sikere a prémium termékek minőségében, az innovációban, a célcsoportok tudatos megszólításában és a szakmai képzés támogatásában rejlik. A dolgozat példaértékűen szemlélteti, hogyan tud egy hazai márka sikeresen érvényesülni mind a magyar, mind a nemzetközi piacokon. | |
| 695 | |a branding | ||
| 695 | |a márka | ||
| 695 | |a márkaépítés | ||
| 695 | |a stratégia | ||
| 695 | |a versenypiacok | ||
| 700 | 1 | |a Kegye Krisztina |e ths | |
| 856 | 4 | 0 | |u http://dolgozattar.uni-bge.hu/60055/1/Balogh%20Ma%CC%81rk%20projektmunka.pdf |z Dokumentum-elérés |
| 856 | 4 | 0 | |u http://dolgozattar.uni-bge.hu/60055/2/KM%20FOSZK%20b%C3%ADr%C3%A1lati%20lap_Balogh%20M%C3%A1rk.pdf |z Dokumentum-elérés |